Introduction a l'histoire du XIX siècle / (Record no. 68673)

MARC details
000 -LEADER
campo de control de longitud fija 00704nam a22002175i 4500
001 - NÚMERO DE CONTROL
campo de control 68673
003 - IDENTIFICADOR DE NÚMERO DE CONTROL
campo de control ES-MaACL
005 - FECHA Y HORA DE LA ÚLTIMA TRANSACCIÓN
campo de control 20230906170331.0
007 - CAMPO FIJO DE DESCRIPCIÓN FÍSICA--INFORMACIÓN GENERAL
campo de control de longitud fija t|
008 - DATOS DE LONGITUD FIJA--INFORMACIÓN GENERAL
campo de control de longitud fija 960827s1864 fr ||||1| fre d
040 ## - FUENTE DE CATALOGACIÓN
Centro catalogador/agencia de origen CAM
Lengua de catalogación spa
Centro/agencia transcriptor CAM
100 1# - ENTRADA PRINCIPAL--NOMBRE DE PERSONA
Nombre de persona Gervinus, Georges-Gottfried.
9 (RLIN) 56517
245 10 - MENCIÓN DEL TÍTULO
Título Introduction a l'histoire du XIX siècle /
Mención de responsabilidad, etc. par G.-G. Gervinus; traduit de l'allemand par Francois van Meenen.
260 ## - PUBLICACIÓN, DISTRIBUCIÓN, ETC.
Lugar de publicación, distribución, etc. Paris :
Nombre del editor, distribuidor, etc. A. Lacroix,
Fecha de publicación, distribución, etc. 1864.
300 ## - DESCRIPCIÓN FÍSICA
Extensión 193 p. ;
Dimensiones 22 cm.
490 1# - MENCIÓN DE SERIE
Mención de serie Collection d'histoire contemporaine
700 1# - ENTRADA AGREGADA--NOMBRE PERSONAL
Nombre de persona Meenen, Francois van.
9 (RLIN) 79789
830 0# - PUNTO DE ACCESO ADICIONAL DE SERIE-TÍTULO UNIFORME
Título uniforme Collection d'histoire contemporaine
9 (RLIN) 230954
852 ## - LOCALIZACIÓN
Ubicación ES-MaACL
Número de control de estantería D-4857
Holdings
Estatus retirado Estado de pérdida Estado de daño No para préstamo Colección Biblioteca de origen Biblioteca actual Ubicación en estantería Fecha de adquisición Fuente de adquisición Total de préstamos Signatura topográfica completa Código de barras Visto por última vez Precio de reemplazo Tipo de ítem Koha
        Libros del s. XIX Biblioteca del Ateneo de Madrid Biblioteca del Ateneo de Madrid Sala Valle Inclán 17/01/2008     D-4857 901071896 23/02/2023 23/02/2023 Libro impreso antiguo